مصادر دراسة محمود سامى البارودى 1839-1904/ (Record no. 119298)

MARC details
000 -LEADER
fixed length control field 01333cam a2200253 a 4500
003 - CONTROL NUMBER IDENTIFIER
control field EG-GiCUC
008 - FIXED-LENGTH DATA ELEMENTS--GENERAL INFORMATION
fixed length control field 100422s1992 ku g 001 0 ara d
040 ## - CATALOGING SOURCE
Original cataloging agency EG-GiCUC
Language of cataloging ara
Transcribing agency EG-GiCUC
092 04 - LOCALLY ASSIGNED DEWEY CALL NUMBER (OCLC)
Classification number 811.9
Item number M394
Edition number 21
099 ## - LOCAL FREE-TEXT CALL NUMBER (OCLC)
Classification number 04
-- 811.9 M394
245 00 - TITLE STATEMENT
Title مصادر دراسة محمود سامى البارودى 1839-1904/
Statement of responsibility, etc. اعداد مجموعة من الباحثين ؛ بأشراف محمد مصطفى هدارة
260 ## - PUBLICATION, DISTRIBUTION, ETC.
Place of publication, distribution, etc. الكويت :
Name of publisher, distributor, etc. مؤسسة جائزة عبدالعزيز سعود البابطين للابداع الشعرى :
Date of publication, distribution, etc. 1992
300 ## - PHYSICAL DESCRIPTION
Extent 190 ص ؛
Dimensions 24سم
500 ## - GENERAL NOTE
General note يصدر بمناسبة توزيع جوائز مؤسسة جائزة عبد العزيز سعود البابطين للابداع الشعرى فى دورتها الثالثة
504 ## - BIBLIOGRAPHY, ETC. NOTE
Bibliography, etc. note يشتمل على ارجاعات ببليوجرافية وكشافات
600 10 - SUBJECT ADDED ENTRY--PERSONAL NAME
Personal name البارودى : محمود سامى :
Dates associated with a name 1839-1904
Form subdivision ببليوجرافيات
650 #7 - SUBJECT ADDED ENTRY--TOPICAL TERM
Topical term or geographic name entry element الشعر العربى
Form subdivision ببليوجرافيات
Source of heading or term qrmak
700 1# - ADDED ENTRY--PERSONAL NAME
Personal name هدارة : محمد مصطفى
902 ## - LOCAL DATA ELEMENT B, LDB (RLIN)
No. of Items 2
905 ## - LOCAL DATA ELEMENT E, LDE (RLIN)
Cataloger ابراهيم
Reviser مراجع
905 ## - LOCAL DATA ELEMENT E, LDE (RLIN)
Cataloger منى
Reviser مدخل
942 ## - ADDED ENTRY ELEMENTS (KOHA)
Source of classification or shelving scheme Dewey Decimal Classification
Koha item type Books
Holdings
Source of classification or shelving scheme Not for loan Home library Current library Date acquired Full call number Barcode Date last seen Copy number Koha item type
Dewey Decimal Classification   المكتبة المركزبة الجديدة - جامعة القاهرة قاعة الانسانيات - الدور الثاني 11.02.2024 811.9 M394 01000100123027000 23.09.2023 C.1 Books
Dewey Decimal Classification   المكتبة المركزبة الجديدة - جامعة القاهرة قاعة الانسانيات - الدور الثاني 11.02.2024 811.9 M394 01000100145882000 23.09.2023 C.2 Books
Cairo University Libraries Portal Implemented & Customized by: Eng. M. Mohamady Contacts: new-lib@cl.cu.edu.eg | cnul@cl.cu.edu.eg
CUCL logo CNUL logo
© All rights reserved — Cairo University Libraries
CUCL logo
Implemented & Customized by: Eng. M. Mohamady Contact: new-lib@cl.cu.edu.eg © All rights reserved — New Central Library
CNUL logo
Implemented & Customized by: Eng. M. Mohamady Contact: cnul@cl.cu.edu.eg © All rights reserved — Cairo National University Library